Nomme le bon fruit avec l'image - Statistiques

Statistiques générales
  • Ce quiz a été pris 253 fois
  • Le résultat moyen est 9 sur 12
Statistiques - réponses
Par images Réponse % Correct
Poire
100%
Pomme
98%
Ananas
97%
Fraise
97%
Framboise
97%
Avocat
96%
Banane
96%
Mûr
95%
Raisin
95%
Banane Plantain
25%
Pomme de Jacque
8%
Pomme grenade
4%
Aucun quiz correspondant
Distribution des résultats
% des personnes avec chaque résultat
Percentile par nombre de réponses
Votre historique - résultats
Vous n’avez pas pris ce quiz